Score 0/24 Timer 03:00
0 Plays Today
Clue 3-Letter Word % Correct
Ignited a cigaretteLIT
96.1%
Was in a chairSAT
95.6%
EmbraceHUG
92.5%
Chinese cooking sauceSOY
92%
Coffee holderMUG
91.7%
Speak or voiceSAY
90.1%
Lower back muscleLAT
88.4%
Candy with collectible dispensersPEZ
84.8%
Cranberry growing areaBOG
76%
1024 kilobytes?MEG
75.7%
Cribbage trackerPEG
73.1%
A gluttonHOG
72.7%
Clue 3-Letter Word % Correct
Torah follower?JEW
72.7%
Moroccan city or Mediterranean hatFEZ
70.4%
Father Clampett on 'The Beverly Hillbillies'JED
68.4%
Fight with fistsBOX
64.6%
Jeopardy! GOAT JenningsKEN
61.2%
'I go' in SpanishVOY
60.1%
Botanical gardens in LondonKEW
55.4%
Swamplike areaFEN
54.6%
'___ populi' - a popular sentimentVOX
46.3%
Upstate NY engineering schoolRIT
45.2%
Lead singer Ocasek of The CarsRIC
37.8%
Mathematical proof enderQED
30.2%

Today's Daily Dose

Remove Ads.
Support Sporcle.
Get the best of Sporcle when you Go Orange. This ad-free experience offers more features, more stats, and more fun while also helping to support Sporcle. Thank you for becoming a member.

You're not logged in!

Compare scores with friends on all Sporcle quizzes.
OR
Log In

Show Comments

Extras

Top Quizzes Today


Score Distribution

Your Account Isn't Verified!

In order to create a playlist on Sporcle, you need to verify the email address you used during registration. Go to your Sporcle Settings to finish the process.

Report this User

Report this user for behavior that violates our Community Guidelines.

Details: